00253nam a2200097Ia 4500008004100000100002800041245002400069260004200093300000900135650001100144190216s9999||||xx |||||||||||||| ||und|| aAbdul Pathah Salry Ali 0aAl-Qiratul-Rasheeda b"Al Mathbahathul Kaslookiya , Byroot" a126p aArabic